| 000 | 00562nam a2200205 a 4500 | ||
|---|---|---|---|
| 001 | 0001-1528 | ||
| 003 | ELIB.Books | ||
| 008 | 170522 2010 eng | ||
| 020 | _a9781400280223 | ||
| 092 |
_a658.3 _bMAX |
||
| 100 | _aMaxwell, John C. | ||
| 245 |
_aMentoring _bWhat Every Leader Needs To Know |
||
| 260 |
_aNashville _bThomas Nelson _c2008 |
||
| 300 |
_a121 _c16.2 cm |
||
| 650 | _aMentoring in business-Handbooks, manuals, etc. | ||
| 942 |
_2ddc _cBK |
||
| 990 | _a1 | ||
| 998 |
_aEnglishbooks.elf _ccat _e2017-05-22 |
||
| 999 |
_c11528 _d11528 |
||